ბათუმის შოთა რუსთაველის სახელმწიფო უნივერსიტეტის ბიბლიოთეკა

სისხლის სამართალი კერძო ნაწილი:ტ.1 (ბიბ.ჩანაწერი № 49419)

000 -LEADER
fixed length control field 01084nam a2200265Ia 4500
001 - CONTROL NUMBER
control field 16339
003 - CONTROL NUMBER IDENTIFIER
control field GE_BSU
008 - FIXED-LENGTH DATA ELEMENTS--GENERAL INFORMATION
fixed length control field 181216s||||||||xx |||||||||||||| ||und||
020 ## - INTERNATIONAL STANDARD BOOK NUMBER
International Standard Book Number 999401045
040 ## - CATALOGING SOURCE
Transcribing agency GE_BSU
080 ## - UNIVERSAL DECIMAL CLASSIFICATION NUMBER
Universal Decimal Classification number 343(479.22)(094.4)
100 ## - MAIN ENTRY--PERSONAL NAME
Personal name წულაია, ზაურ
245 ## - TITLE STATEMENT
Title სისხლის სამართალი კერძო ნაწილი:ტ.1
245 ## - TITLE STATEMENT
Remainder of title საქართველოს ახალი სისხლის სამართლის კოდექსის 2003წლის 15აპრილის მდგომარეობის მიხედვით
245 ## - TITLE STATEMENT
Statement of responsibility, etc. რედ. გოჩა მამულაიშვილი
250 ## - EDITION STATEMENT
Edition statement მე-2 გამოცემა
260 ## - PUBLICATION, DISTRIBUTION, ETC.
Place of publication, distribution, etc. თბილისი
260 ## - PUBLICATION, DISTRIBUTION, ETC.
Name of publisher, distributor, etc. ინტელქტი
260 ## - PUBLICATION, DISTRIBUTION, ETC.
Date of publication, distribution, etc. 2003
300 ## - PHYSICAL DESCRIPTION
Extent 368გვ;20სმ.
653 ## - INDEX TERM--UNCONTROLLED
Uncontrolled term სამართალი
653 ## - INDEX TERM--UNCONTROLLED
Uncontrolled term სისხლის სამართლის კერძო ნაწილი
942 ## - ADDED ENTRY ELEMENTS (KOHA)
Koha item type წიგნი
ეგზემპლარები
Withdrawn status Lost status Damaged status Not for loan Date acquired Barcode Date last seen Price effective from Koha item type
        2018-12-17 40628 2018-12-17 2018-12-17 წიგნი